00801nam a2200181 a 450000100100000000500170001000800410002704000250006804100080009324500680010126000600016930000210022970000350025095201050028595201060039095201060049699900170060200003734320200930080314.0120328s1972 xxu 000 0 spa d aDO-SdBNPbspacBNPHU17aeng00aRadicalism and reform the new deal /cEditor Richard Polenberg. aCalifornia :bAddison-Wesley Publishing Company,c1972. a188 p. ;c21 cm.1 aPolenberg, Richardeed.963811 001050718MOaGRbGRcCTd2012-03-28iLF1l0o p37343-10r2020-06-25w2020-06-25y1ZNo se presta 0010507-18MOaGRbGRcOId2012-03-28iLF1l0o p37344-10r2020-06-25w2020-06-25y1ZNo se presta 0010507-18MOaGRbGRcOId2012-03-28iLF1l0o p37345-10r2020-06-25w2020-06-25y1ZNo se presta c36833d36833